Bown v SoS Transport (Record no. 72507)

MARC details
000 -LEADER
fixed length control field 01351cam a2200217 4500
001 - CONTROL NUMBER
control field ABS66626
008 - FIXED-LENGTH DATA ELEMENTS--GENERAL INFORMATION
fixed length control field 030416n2003 000 0 eng u
035 ## - SYSTEM CONTROL NUMBER
System control number (Sirsi) u122011
245 ## - TITLE STATEMENT
Title Bown v SoS Transport
260 ## - PUBLICATION, DISTRIBUTION, ETC.
Date of publication, distribution, etc. 2003
490 ## - SERIES STATEMENT
Series statement Estates Gazette Case Summaries
Volume/sequential designation [2003] 15 EG 137 (CS) (1)
520 ## - SUMMARY, ETC.
Summary, etc. QBD, 26 March 2003. Challenge by claimant B against the respondent inspector's decision to grant planning permission to construct roadworks on environmentally sensitive land. B claimed the marsh should have been treated as a designated area of special protection or conservation in accordance with Directive 79/409/EEC and that the inspector failed to apply the Conservation (Natural Habitats, Etc.) Regulations 1994 Reg 44 in respect of the otters. "Held": claim dismissed. The marsh had not been identified as a potential special protection or conservation area so the inspector was not required to treat it as such and the inspector had correctly considered the conditions with regards to Reg 44.
590 ## - LOCAL NOTE (RLIN)
Local note ABS
650 ## - SUBJECT ADDED ENTRY--TOPICAL TERM
Topical term or geographic name entry element BOWN V SOS TRANSPORT
650 ## - SUBJECT ADDED ENTRY--TOPICAL TERM
Topical term or geographic name entry element CONSERVATION (NATURAL HABITATS, ETC) REGULATIONS 1994
650 ## - SUBJECT ADDED ENTRY--TOPICAL TERM
Topical term or geographic name entry element ENVIRONMENTALLY SENSITIVE AREA
650 ## - SUBJECT ADDED ENTRY--TOPICAL TERM
Topical term or geographic name entry element PLANNING PERMISSION
650 ## - SUBJECT ADDED ENTRY--TOPICAL TERM
Topical term or geographic name entry element WILDLIFE CONSERVATION
690 ## - LOCAL SUBJECT ADDED ENTRY--TOPICAL TERM (OCLC, RLIN)
Topical term or geographic name as entry element ENVIRONMENTAL AND LAND CONSULTANCY-PLANNING AND DEVELOPMENT
942 ## - ADDED ENTRY ELEMENTS (KOHA)
Suppress in OPAC 0
Holdings
Withdrawn status Lost status Source of classification or shelving scheme Damaged status Not for loan Home library Current library Shelving location Date acquired Total Checkouts Full call number Barcode Date last seen Copy number Price effective from Koha item type
    Dewey Decimal Classification     London London Journal article 16/04/2003   ABS66626 122011-1001 06/08/2019 1 06/08/2019 Law report